000
00349nam a2200145Ia 4500
008
260223s2024 xx 000 0 und d
020
_a
9788190935870
041
_a
eng
082
_a
610.734/KUM
100
_a
Kumari Neekam
245
_a
Community Health Nursing
260
_a
New Delhi
_b
PV, Pub
_c
2024
300
_a
396P
650
_a
Community
999
_c
1216479
_d
1216479